Lal's commentaries on water and air pollution laws (Record no. 172387)
[ view plain ]
| 000 -LEADER | |
|---|---|
| fixed length control field | 00680nam a2200253Ia 4500 |
| 003 - CONTROL NUMBER IDENTIFIER | |
| control field | OSt |
| 005 - DATE AND TIME OF LATEST TRANSACTION | |
| control field | 20251008190713.0 |
| 008 - FIXED-LENGTH DATA ELEMENTS--GENERAL INFORMATION | |
| fixed length control field | 210423s1996 xx 000 0 und d |
| 040 ## - CATALOGING SOURCE | |
| Transcribing agency | AL |
| 041 ## - LANGUAGE CODE | |
| Language code of text/sound track or separate title | English |
| 082 ## - DEWEY DECIMAL CLASSIFICATION NUMBER | |
| Classification number | 340 |
| Item number | KUMC |
| 100 ## - MAIN ENTRY--PERSONAL NAME | |
| Personal name | Gyanandra Kumar |
| 9 (RLIN) | 241798 |
| 245 ## - TITLE STATEMENT | |
| Title | Lal's commentaries on water and air pollution laws |
| 250 ## - EDITION STATEMENT | |
| Edition statement | 3 |
| 260 ## - PUBLICATION, DISTRIBUTION, ETC. | |
| Place of publication, distribution, etc. | Delhi |
| Name of publisher, distributor, etc. | Delhi Law House |
| Date of publication, distribution, etc. | 1996 |
| 300 ## - PHYSICAL DESCRIPTION | |
| Extent | cxi,1423 |
| 365 ## - TRADE PRICE | |
| Price amount | 700 |
| Currency code | INR |
| 650 ## - SUBJECT ADDED ENTRY--TOPICAL TERM | |
| Topical term or geographic name entry element | Law |
| 9 (RLIN) | 108089 |
| 650 ## - SUBJECT ADDED ENTRY--TOPICAL TERM | |
| Topical term or geographic name entry element | Social Sciences |
| 9 (RLIN) | 108090 |
| 700 ## - ADDED ENTRY--PERSONAL NAME | |
| Personal name | Asthana, K B |
| 9 (RLIN) | 241799 |
| 700 ## - ADDED ENTRY--PERSONAL NAME | |
| Personal name | Gadi, S K |
| 9 (RLIN) | 241800 |
| 906 ## - LOCAL DATA ELEMENT F, LDF (RLIN) | |
| a | air ; commentaries ; Lal ; laws ; pollution ; s ; water |
| 942 ## - ADDED ENTRY ELEMENTS (KOHA) | |
| Source of classification or shelving scheme | Dewey Decimal Classification |
| Koha item type | Book |
| Withdrawn status | Lost status | Damaged status | Not for loan | Collection code | Home library | Current library | Date acquired | Cost, normal purchase price | Total Checkouts | Full call number | Barcode | Date last seen | Price effective from | Koha item type |
|---|---|---|---|---|---|---|---|---|---|---|---|---|---|---|
| MSW | St Aloysius PG Library | St Aloysius PG Library | 12/10/2001 | 700.00 | 340 KUMC | PG018933 | 08/24/2022 | 04/26/2021 | Book |